000 00469nam a22001577a 4500
999 _c7775
_d7773
005 20210325122741.0
008 210325b ||||| |||| 00| 0 eng d
082 _a345.408 23
100 _aMANOHAR AND CHITALEY
_96503
245 _aTHE AIR MANUAL CIVIL AND CRIMINAL REGISTRATION ACT[1908] SECTION 51, TO RUBBER ACT [1947] VOL-41
250 _a6TH, ED.
260 _aNAGPUR
_bTHE ALL INDIA REPORTER PVT.LTD.
300 _a1884,p
650 _aLAW
_95701
942 _cJRL